[Event "WYCC U18 Girls 2019"]
[Site "Mumbai"]
[Date "2019.10.10"]
[Round "9.4"]
[White "Afonasieva, Anna"]
[Black "Urh, Zala"]
[Result "0-1"]
[WhiteElo "2312"]
[BlackElo "2105"]
[Annotator "NA"]
[PlyCount "140"]
[EventDate "2019.10.02"]
[EventType "swiss"]
[EventCountry "IND"]
[SourceTitle "playchess.com"]
[Source "ChessBase"]
[SourceQuality "1"]
[TimeControl "40/5400+30:1800+30"]

1. d4 {[%emt 0:00:00]} Nf6 {[%emt 0:00:00]} 2. Bf4 {[%emt 0:00:00]} d5 {[%emt 0:00:28]} 3. e3 {[%emt 0:00:00]} e6 {[%emt 0:01:43]} 4. Nd2 {[%emt 0:00:46]} c5 {[%emt 0:01:46]} 5. c3 {[%emt 0:00:14]} Nc6 {[%emt 0:01:04]} 6. Bd3 {[%emt 0:01:13]} Bd6 {[%emt 0:02:44]} 7. Bxd6 {[%emt 0:02:08]} Qxd6 {[%emt 0:00:16]} 8. f4 {[%emt 0:00:14]} O-O {[%emt 0:05:19]} 9. Ngf3 {[%emt 0:00:50]} a6 {[%emt 0:05:53]} 10. O-O {[%emt 0:02:47]} b5 {[%emt 0:00:43]} 11. Qe1 {[%emt 0:00:48]} Bb7 {[%emt 0:03:36]} 12. Qh4 {[%emt 0:01:21]} Ne7 {[%emt 0:04:06]} 13. g4 {[%emt 0:06:11]} Rac8 {[%emt 0:05:23]} 14. Ne5 {[%emt 0:12:21]} Ne4 {[%emt 0:06:07]} 15. Rf3 {[%emt 0:02:16]} h6 {[%emt 0:05:58]} 16. dxc5 {[%emt 0:17:14]} Rxc5 {[%emt 0:02:24]} 17. Nb3 {[%emt 0:05:06]} Rc7 {[%emt 0:09:44]} 18. Rd1 {[%emt 0:05:36]} Qb6 {[%emt 0:11:45]} 19. Bxe4 {[%emt 0:07:41]} dxe4 {[%emt 0:00:42]} 20. Rh3 {[%emt 0:00:15]} Bd5 {[%emt 0:03:56]} 21. g5 {[%emt 0:02:46]} Nf5 {[%emt 0:01:33]} 22. Qf2 {[%emt 0:00:39]} h5 {[%emt 0:03:50]} 23. Nd4 {[%emt 0:03:43]} Nxd4 {[%emt 0:00:20]} 24. Rxd4 {[%emt 0:00:12]} g6 {[%emt 0:00:27]} 25. Qh4 {[%emt 0:02:37]} Kg7 {[%emt 0:03:09]} 26. f5 {[%emt 0:03:10]} exf5 {[%emt 0:02:19]} 27. Qf4 {[%emt 0:07:31]} Be6 {[%emt 0:01:24]} 28. Nxg6 {[%emt 0:05:30]} fxg6 {[%emt 0:00:45]} 29. Qe5+ {[%emt 0:00:16]} Kh7 {[%emt 0:01:32]} 30. Rd6 {[%emt 0:07:28]} Rc6 {[%emt 0:00:19]} 31. Rxh5+ {[%emt 0:01:10]} gxh5 {[%emt 0:00:11]} 32. g6+ {[%emt 0:00:08]} Kh6 {[%emt 0:04:07]} 33. g7 {[%emt 0:00:16]} Qxe3+ {[%emt 0:00:16]} 34. Kf1 {[%emt 0:00:20]} Qf3+ {[%emt 0:01:34]} 35. Ke1 {[%emt 0:01:01]} Qh1+ {[%emt 0:00:35]} 36. Kf2 {[%emt 0:02:33]} Qf3+ {[%emt 0:00:28]} 37. Ke1 {[%emt 0:00:10]} Qe3+ {[%emt 0:01:53]} 38. Kf1 {[%emt 0:00:06]} Qh3+ {[%emt 0:06:33]} 39. Ke1 {[%emt 0:00:52]} Qh4+ {[%emt 0:00:12]} 40. Kf1 {[%emt 0:00:15]} Rf6 {[%emt 0:01:02]} 41. Rxc6 {[%emt 0:04:47]} Qh3+ {[%emt 0:02:58]} 42. Ke1 {[%emt 0:00:26]} Qe3+ {[%emt 0:00:41]} 43. Kd1 {[%emt 0:04:22]} Qg1+ {[%emt 0:01:07]} 44. Kc2 {[%emt 0:03:10]} Bb3+ {[%emt 0:04:41]} 45. axb3 {[%emt 0:00:10]} Rxc6 {[%emt 0:00:04]} 46. Qe8 {[%emt 0:00:12]} Rxc3+ {[%emt 0:01:07]} 47. bxc3 {[%emt 0:00:27]} Qxh2+ {[%emt 0:00:19]} 48. Kc1 {[%emt 0:01:20]} Qg1+ {[%emt 0:00:16]} 49. Kb2 {[%emt 0:00:07]} Qxg7 {[%emt 0:00:11]} 50. Qe6+ {[%emt 0:00:18]} Qg6 {[%emt 0:00:08]} 51. Qe5 {[%emt 0:00:07]} h4 {[%emt 0:00:46]} 52. Qh8+ {[%emt 0:00:18]} Kg5 {[%emt 0:00:38]} 53. Qd8+ {[%emt 0:00:07]} Kh5 {[%emt 0:00:27]} 54. c4 {[%emt 0:03:20]} bxc4 {[%emt 0:00:24]} 55. bxc4 {[%emt 0:00:02]} h3 {[%emt 0:02:34]} 56. Qh8+ {[%emt 0:00:22]} Qh6 {[%emt 0:01:29]} 57. Qe5 {[%emt 0:02:41]} Kg4 {[%emt 0:02:02]} 58. Qh2 {[%emt 0:00:14]} f4 {[%emt 0:00:59]} 59. Qg1+ {[%emt 0:00:51]} Kh5 {[%emt 0:00:35]} 60. Qd1+ {[%emt 0:01:51]} f3 {[%emt 0:00:44]} 61. Qd5+ {[%emt 0:01:12]} Qg5 {[%emt 0:00:08]} 62. Qxe4 {[%emt 0:01:14]} Qf6+ {[%emt 0:00:33]} 63. Kb3 {[%emt 0:00:46]} f2 {[%emt 0:00:33]} 64. Qh7+ {[%emt 0:01:40]} Kg4 {[%emt 0:00:36]} 65. Qg8+ {[%emt 0:00:19]} Kf3 {[%emt 0:01:47]} 66. Qa8+ {[%emt 0:04:17]} Ke3 {[%emt 0:01:41]} 67. Qe8+ {[%emt 0:00:33]} Kd2 {[%emt 0:01:29]} 68. Qd7+ {[%emt 0:00:13]} Kc1 {[%emt 0:02:46]} 69. Qd3 {[%emt 0:02:42]} Qb2+ {[%emt 0:00:09]} 70. Ka4 {[%emt 0:00:03]} Qc2+ {[%emt 0:00:05]} 0-1

[Event "WYCC U18 Girls 2019"]
[Site "Mumbai"]
[Date "2019.10.10"]
[Round "9.5"]
[White "Sliwicka, Alicja"]
[Black "Makhija, Aashna"]
[Result "1/2-1/2"]
[WhiteElo "2307"]
[BlackElo "2084"]
[Annotator "NA"]
[PlyCount "73"]
[EventDate "2019.10.02"]
[EventType "swiss"]
[EventCountry "IND"]
[SourceTitle "playchess.com"]
[Source "ChessBase"]
[SourceQuality "1"]
[TimeControl "40/5400+30:1800+30"]

1. e4 {[%emt 0:00:00]} e6 {[%emt 0:01:55]} 2. d4 {[%emt 0:00:00]} d5 {[%emt 0:00:25]} 3. Nc3 {[%emt 0:00:00]} Nf6 {[%emt 0:00:11]} 4. e5 {[%emt 0:00:00]} Nfd7 {[%emt 0:00:14]} 5. f4 {[%emt 0:00:06]} c5 {[%emt 0:00:13]} 6. Nf3 {[%emt 0:00:10]} Nc6 {[%emt 0:00:30]} 7. Be3 {[%emt 0:00:12]} a6 {[%emt 0:00:25]} 8. Qd2 {[%emt 0:00:15]} b5 {[%emt 0:00:24]} 9. dxc5 {[%emt 0:00:29]} Bxc5 {[%emt 0:00:27]} 10. Bd3 {[%emt 0:02:32]} Qb6 {[%emt 0:00:52]} 11. Bf2 {[%emt 0:00:31]} h6 {[%emt 0:00:37]} 12. O-O {[%emt 0:04:21]} Bb7 {[%emt 0:00:26]} 13. a3 {[%emt 0:05:47]} b4 {[%emt 0:06:49]} 14. Na4 {[%emt 0:08:21]} Bxf2+ {[%emt 0:00:38]} 15. Qxf2 {[%emt 0:05:07]} Qxf2+ {[%emt 0:03:37]} 16. Kxf2 {[%emt 0:01:46]} Ke7 {[%emt 0:03:55]} 17. axb4 {[%emt 0:07:51]} Nxb4 {[%emt 0:00:18]} 18. Ke3 {[%emt 0:02:50]} Rhc8 {[%emt 0:06:18]} 19. Nd4 {[%emt 0:03:41]} Rc7 {[%emt 0:05:20]} 20. Kd2 {[%emt 0:08:34]} g6 {[%emt 0:20:46]} 21. Ra3 {[%emt 0:03:27]} Bc6 {[%emt 0:09:54]} 22. Be2 {[%emt 0:09:56]} Bxa4 {[%emt 0:09:23]} 23. Rxa4 {[%emt 0:00:19]} Rb8 {[%emt 0:01:46]} 24. c3 {[%emt 0:02:14]} Nc6 {[%emt 0:00:41]} 25. Nxc6+ {[%emt 0:03:13]} Rxc6 {[%emt 0:00:06]} 26. b4 {[%emt 0:00:54]} d4 {[%emt 0:09:00]} 27. cxd4 {[%emt 0:05:35]} Nb6 {[%emt 0:03:44]} 28. b5 {[%emt 0:07:13]} axb5 {[%emt 0:02:18]} 29. Rb4 {[%emt 0:03:26]} Nd5 {[%emt 0:08:10]} 30. Rxb5 {[%emt 0:00:38]} Rxb5 {[%emt 0:01:15]} 31. Bxb5 {[%emt 0:00:07]} Rb6 {[%emt 0:00:18]} 32. Be2 {[%emt 0:05:41]} Rb2+ {[%emt 0:01:28]} 33. Kd3 {[%emt 0:02:14]} Nb4+ {[%emt 0:01:51]} 34. Ke3 {[%emt 0:00:25]} Nd5+ {[%emt 0:00:48]} 35. Kd3 {[%emt 0:00:20]} Nb4+ {[%emt 0:01:49]} 36. Ke3 {[%emt 0:00:07]} Nd5+ {[%emt 0:00:31]} 37. Ke4 1/2-1/2

[Event "WYCC U18 Girls 2019"]
[Site "Mumbai"]
[Date "2019.10.10"]
[Round "9.6"]
[White "Harshini A"]
[Black "Nomindalai Tumurbaatar"]
[Result "1/2-1/2"]
[WhiteElo "2230"]
[BlackElo "2061"]
[Annotator "NA"]
[PlyCount "108"]
[EventDate "2019.10.02"]
[EventType "swiss"]
[EventCountry "IND"]
[SourceTitle "playchess.com"]
[Source "ChessBase"]
[SourceQuality "1"]
[TimeControl "40/5400+30:1800+30"]

1. e4 {[%emt 0:00:00]} d6 {[%emt 0:00:00]} 2. d4 {[%emt 0:00:00]} Nf6 {[%emt 0:00:00]} 3. Nc3 {[%emt 0:00:10]} e5 {[%emt 0:00:22]} 4. Nf3 {[%emt 0:00:07]} Nbd7 {[%emt 0:00:27]} 5. Bc4 {[%emt 0:00:38]} Be7 {[%emt 0:00:35]} 6. O-O {[%emt 0:00:26]} O-O {[%emt 0:00:34]} 7. Re1 {[%emt 0:00:36]} c6 {[%emt 0:00:49]} 8. a4 {[%emt 0:01:19]} a5 {[%emt 0:01:03]} 9. h3 {[%emt 0:13:59]} Qc7 {[%emt 0:02:05]} 10. Qe2 {[%emt 0:02:19] C41: Philidor Defence} (10. Be3 Nb6 11. Ba2 Nfd7 12. Qe2 Bf6 13. d5 Be7 14. Rad1 Nf6 15. Nd2 Bd7 16. Nc4 Nxc4 17. Qxc4 Rac8 18. Qb3 cxd5 {1-0 (80) Howell,D (2644)-Maghsoodloo,P (2584) Doha 2016}) 10... exd4 {[%emt 0:15:16]} 11. Nxd4 {[%emt 0:00:09]} Nc5 $146 {[%emt 0:00:22]} ({Predecessor:} 11... Re8 12. Ba2 Nc5 13. Qf3 Ne6 14. Nxe6 Bxe6 15. Bf4 Bxa2 16. Rxa2 Nd7 17. Raa1 Ne5 18. Bxe5 dxe5 {½-½ (38) Mueller,M (2166)-Lantzsch,C (2242) Gau Algesheim 2011}) 12. Qf3 {[%emt 0:02:25]} Be6 {[%emt 0:02:40]} 13. Bf1 {[%emt 0:02:28]} Rae8 {[%emt 0:03:52]} 14. Bf4 {[%emt 0:10:42]} Nfd7 {[%emt 0:05:15]} 15. Qg3 {[%emt 0:02:39]} Ne5 {[%emt 0:02:05]} 16. Rad1 {[%emt 0:03:04]} Kh8 {[%emt 0:10:35]} 17. Bc1 {[%emt 0:06:25]} Ng6 {[%emt 0:07:03]} 18. Re3 {[%emt 0:06:50]} Bh4 {[%emt 0:04:11]} 19. Qh2 {[%emt 0:01:35]} Bg5 {[%emt 0:07:23]} 20. Ree1 {[%emt 0:00:20]} Bxc1 {[%emt 0:02:04]} 21. Rxc1 {[%emt 0:00:05]} Qb6 {[%emt 0:04:15]} 22. b3 {[%emt 0:02:52]} Qb4 {[%emt 0:03:08]} 23. Nxe6 {[%emt 0:01:44]} Rxe6 {[%emt 0:08:59]} 24. Qg3 {[%emt 0:00:53]} Rfe8 {[%emt 0:00:19]} 25. Rcd1 $15 {[%emt 0:05:26]} f5 {[%emt 0:14:57]} 26. Na2 {[%emt 0:11:30]} Qb6 {[%emt 0:02:24]} 27. Rxd6 {[%emt 0:02:58]} Rxd6 {[%emt 0:00:24]} 28. Qxd6 {[%emt 0:00:03]} Nxe4 {[%emt 0:00:10]} 29. Qd2 {[%emt 0:00:54]} h6 {[%emt 0:02:34]} 30. Qe3 {[%emt 0:00:29]} Qxe3 {[%emt 0:00:34]} 31. Rxe3 {[%emt 0:00:05]} Rd8 {[%emt 0:00:29]} 32. g4 {[%emt 0:03:59]} Nd6 {[%emt 0:00:33]} 33. Bd3 {[%emt 0:00:45]} f4 {[%emt 0:00:30]} 34. Rf3 {[%emt 0:00:33]} Ne5 {[%emt 0:00:20]} 35. Rxf4 {[%emt 0:00:09]} g5 {[%emt 0:00:30]} 36. Rf6 {[%emt 0:01:00]} Kg7 {[%emt 0:00:04]} 37. Re6 {[%emt 0:00:21]} Ndf7 {[%emt 0:00:04]} 38. Nc1 {[%emt 0:01:44]} Nf3+ {[%emt 0:01:25]} 39. Kg2 {[%emt 0:01:05]} Nh4+ {[%emt 0:00:17]} 40. Kg3 {[%emt 0:01:21]} Rf8 {[%emt 0:00:50]} 41. Re7 {[%emt 0:36:02]} Kf6 {[%emt 0:05:11]} 42. Rxb7 {[%emt 0:00:00]} Nd6 {[%emt 0:00:08]} 43. Rh7 {[%emt 0:00:00]} Ke6 {[%emt 0:01:40]} 44. Rxh6+ {[%emt 0:00:00]} Ke5 {[%emt 0:00:15]} 45. Rh5 {[%emt 0:00:00]} Rf3+ {[%emt 0:00:12]} 46. Kh2 {[%emt 0:00:00]} Rxf2+ {[%emt 0:03:11]} 47. Kg1 {[%emt 0:00:00]} Rd2 {[%emt 0:03:07]} 48. Ne2 {[%emt 0:00:00]} Ne4 {[%emt 0:06:57]} 49. Rh8 {[%emt 0:00:00]} Rd1+ {[%emt 0:04:57]} 50. Kh2 {[%emt 0:00:00]} Nf3+ {[%emt 0:00:07]} 51. Kg2 {[%emt 0:00:00]} Ne1+ {[%emt 0:00:05]} 52. Kh2 {[%emt 0:00:00]} Nf3+ {[%emt 0:00:04]} 53. Kg2 {[%emt 0:00:00]} Ne1+ {[%emt 0:00:04]} 54. Kh2 Nxd3 1/2-1/2

[Event "WYCC U18 Girls 2019"]
[Site "Mumbai"]
[Date "2019.10.10"]
[Round "9.7"]
[White "Toshali, V."]
[Black "Serikbay, Assel"]
[Result "0-1"]
[WhiteElo "1868"]
[BlackElo "2208"]
[Annotator "NA"]
[PlyCount "110"]
[EventDate "2019.10.02"]
[EventType "swiss"]
[EventCountry "IND"]
[SourceTitle "playchess.com"]
[Source "ChessBase"]
[SourceQuality "1"]
[TimeControl "40/5400+30:1800+30"]

1. d4 {[%emt 0:00:00]} d5 {[%emt 0:00:00]} 2. c4 {[%emt 0:00:00]} c6 {[%emt 0:00:00]} 3. Nf3 {[%emt 0:00:00]} Nf6 {[%emt 0:00:00]} 4. Nc3 {[%emt 0:00:00]} dxc4 {[%emt 0:00:19]} 5. a4 {[%emt 0:00:08]} Bf5 {[%emt 0:00:20]} 6. e3 {[%emt 0:00:09]} e6 {[%emt 0:00:26]} 7. Bxc4 {[%emt 0:00:09]} Bb4 {[%emt 0:00:23]} 8. O-O {[%emt 0:06:09]} O-O {[%emt 0:00:26]} 9. h3 {[%emt 0:19:56]} Nbd7 {[%emt 0:09:13]} 10. Bd3 {[%emt 0:05:38]} Bxd3 {[%emt 0:05:35]} 11. Qxd3 {[%emt 0:00:04]} c5 {[%emt 0:01:47]} 12. b3 {[%emt 0:22:00]} Qe7 {[%emt 0:07:49]} 13. Bb2 {[%emt 0:04:32]} cxd4 {[%emt 0:08:53]} 14. Qxd4 {[%emt 0:02:18]} e5 {[%emt 0:02:05]} 15. Qh4 {[%emt 0:02:05]} e4 {[%emt 0:06:59]} 16. Nd4 {[%emt 0:02:25]} Qe5 {[%emt 0:01:22]} 17. Rfd1 {[%emt 0:09:01]} Rfc8 {[%emt 0:12:08]} 18. Rac1 {[%emt 0:09:51]} Bd6 {[%emt 0:11:39]} 19. Ncb5 {[%emt 0:03:05]} Rxc1 {[%emt 0:04:53]} 20. Rxc1 {[%emt 0:01:01]} Qh2+ {[%emt 0:00:36]} 21. Kf1 {[%emt 0:00:04]} Bf8 {[%emt 0:05:39]} 22. Nf5 {[%emt 0:07:17]} Qh1+ {[%emt 0:03:31]} 23. Ke2 {[%emt 0:00:01]} Qxg2 {[%emt 0:00:07]} 24. Qg3 {[%emt 0:02:59]} Qxg3 {[%emt 0:00:10]} 25. Nxg3 {[%emt 0:00:07]} a6 {[%emt 0:01:09]} 26. Na3 {[%emt 0:01:47]} Re8 {[%emt 0:01:31]} 27. Nc4 {[%emt 0:00:56]} Bb4 {[%emt 0:07:30]} 28. Rg1 {[%emt 0:01:25]} g6 {[%emt 0:01:35]} 29. Nf5 {[%emt 0:00:27]} Kf8 {[%emt 0:00:20]} 30. Nfd6 {[%emt 0:00:26]} Rb8 {[%emt 0:00:18]} 31. a5 {[%emt 0:00:49]} Ke7 {[%emt 0:01:13]} 32. Rd1 {[%emt 0:00:08]} Nc5 {[%emt 0:04:07]} 33. Bxf6+ {[%emt 0:00:29]} Kxf6 {[%emt 0:00:04]} 34. Rd4 {[%emt 0:00:30]} Nxb3 {[%emt 0:00:46]} 35. Nxe4+ {[%emt 0:00:21]} Ke7 {[%emt 0:00:17]} 36. Rd5 {[%emt 0:00:35]} f6 {[%emt 0:02:39]} 37. Kd1 {[%emt 0:00:37]} Rc8 {[%emt 0:00:24]} 38. Nb6 {[%emt 0:00:43]} Rc1+ {[%emt 0:01:41]} 39. Ke2 {[%emt 0:00:14]} Nxa5 {[%emt 0:00:24]} 40. Rd7+ {[%emt 0:00:16]} Ke6 {[%emt 0:00:09]} 41. Rxh7 {[%emt 0:04:00]} Rc6 {[%emt 0:03:27]} 42. Na8 {[%emt 0:03:06]} Be7 {[%emt 0:02:36]} 43. Rg7 {[%emt 0:08:56]} Nc4 {[%emt 0:02:20]} 44. Kd3 {[%emt 0:03:53]} Rc8 {[%emt 0:01:21]} 45. f4 {[%emt 0:00:58]} b5 {[%emt 0:01:20]} 46. Rxg6 {[%emt 0:00:55]} Rxa8 {[%emt 0:00:12]} 47. Rh6 {[%emt 0:00:38]} Rd8+ {[%emt 0:00:27]} 48. Ke2 {[%emt 0:00:16]} b4 {[%emt 0:00:23]} 49. Ng5+ {[%emt 0:00:54]} Kd7 {[%emt 0:00:44]} 50. Ne4 {[%emt 0:00:19]} Kc6 {[%emt 0:01:12]} 51. h4 {[%emt 0:01:18]} b3 {[%emt 0:00:24]} 52. h5 {[%emt 0:00:11]} b2 {[%emt 0:00:08]} 53. Nc3 {[%emt 0:00:05]} Rd2+ {[%emt 0:00:10]} 54. Kf3 {[%emt 0:00:12]} Rc2 {[%emt 0:00:34]} 55. Nb1 {[%emt 0:00:08]} Rc1 {[%emt 0:00:34]} 0-1

[Event "WYCC U18 Girls 2019"]
[Site "Mumbai"]
[Date "2019.10.10"]
[Round "9.8"]
[White "Kucharska, Honorata"]
[Black "Andolfatto, Maria"]
[Result "1-0"]
[WhiteElo "2114"]
[BlackElo "2037"]
[Annotator "NA"]
[PlyCount "113"]
[EventDate "2019.10.02"]
[EventType "swiss"]
[EventCountry "IND"]
[SourceTitle "playchess.com"]
[Source "ChessBase"]
[SourceQuality "1"]
[TimeControl "40/5400+30:1800+30"]

1. d4 {[%emt 0:00:00]} Nf6 {[%emt 0:00:00]} 2. Nf3 {[%emt 0:00:00]} d5 {[%emt 0:01:33]} 3. Bf4 {[%emt 0:00:32]} g6 {[%emt 0:03:28]} 4. e3 {[%emt 0:01:32]} Bg7 {[%emt 0:00:45]} 5. Nc3 {[%emt 0:01:35]} a6 {[%emt 0:00:54]} 6. h4 {[%emt 0:01:07]} h5 {[%emt 0:00:38]} 7. Be2 {[%emt 0:01:13]} b5 {[%emt 0:00:36]} 8. a3 {[%emt 0:01:53]} Bb7 {[%emt 0:01:14]} 9. Ne5 {[%emt 0:03:56]} Nbd7 {[%emt 0:08:57]} 10. Bf3 {[%emt 0:07:03]} Ne4 {[%emt 0:08:19]} 11. Bxe4 {[%emt 0:06:32]} dxe4 {[%emt 0:00:08]} 12. Qe2 {[%emt 0:01:09]} Nxe5 {[%emt 0:06:03]} 13. dxe5 {[%emt 0:10:15]} Qc8 {[%emt 0:02:44]} 14. O-O-O {[%emt 0:04:03]} Qe6 {[%emt 0:07:49]} 15. Qd2 {[%emt 0:01:25]} O-O {[%emt 0:08:51]} 16. Qd7 {[%emt 0:02:08]} Qc6 {[%emt 0:03:59]} 17. Qxc6 {[%emt 0:10:04]} Bxc6 {[%emt 0:00:04]} 18. Nd5 {[%emt 0:01:39]} Bxd5 {[%emt 0:02:55]} 19. Rxd5 {[%emt 0:00:04]} Rfd8 {[%emt 0:08:11]} 20. Rhd1 {[%emt 0:01:59]} Rxd5 {[%emt 0:00:39]} 21. Rxd5 {[%emt 0:00:05]} Rc8 {[%emt 0:08:43]} 22. c4 {[%emt 0:02:34]} e6 {[%emt 0:03:59]} 23. Rd7 {[%emt 0:01:56]} Bf8 {[%emt 0:05:01]} 24. Kc2 {[%emt 0:02:58]} b4 {[%emt 0:02:20]} 25. a4 {[%emt 0:05:09]} Bc5 {[%emt 0:04:33]} 26. Bg5 {[%emt 0:02:14]} Kf8 {[%emt 0:06:46]} 27. Bf6 {[%emt 0:03:16]} Ke8 {[%emt 0:00:24]} 28. Rd1 {[%emt 0:00:11]} a5 {[%emt 0:01:57]} 29. b3 {[%emt 0:04:53]} Rb8 {[%emt 0:01:19]} 30. Rd2 {[%emt 0:07:11]} Ra8 {[%emt 0:00:36]} 31. Kd1 {[%emt 0:00:42]} Rc8 {[%emt 0:00:38]} 32. Ke2 {[%emt 0:00:21]} Rb8 {[%emt 0:00:36]} 33. Rd1 {[%emt 0:00:24]} Rc8 {[%emt 0:00:40]} 34. g4 {[%emt 0:03:04]} hxg4 {[%emt 0:00:14]} 35. Rg1 {[%emt 0:00:04]} Be7 {[%emt 0:01:09]} 36. Rxg4 {[%emt 0:00:51]} Bxf6 {[%emt 0:00:32]} 37. exf6 {[%emt 0:00:07]} Kd7 {[%emt 0:00:12]} 38. Rxe4 {[%emt 0:01:08]} Kd6 {[%emt 0:00:31]} 39. Rg4 {[%emt 0:05:09]} Rh8 {[%emt 0:00:37]} 40. f4 {[%emt 0:03:50]} c5 {[%emt 0:00:46]} 41. Kf3 {[%emt 0:34:11]} Rh5 {[%emt 0:17:56]} 42. e4 {[%emt 0:00:00]} e5 {[%emt 0:06:57]} 43. fxe5+ {[%emt 0:00:00]} Rxe5 {[%emt 0:01:20]} 44. Rg5 {[%emt 0:00:00]} Re6 {[%emt 0:02:23]} 45. Rd5+ {[%emt 0:00:00]} Kc6 {[%emt 0:00:10]} 46. e5 {[%emt 0:00:00]} Re8 {[%emt 0:00:36]} 47. Rd6+ {[%emt 0:00:00]} Kc7 {[%emt 0:00:08]} 48. Ke4 {[%emt 0:00:00]} Rh8 {[%emt 0:01:07]} 49. Kd5 {[%emt 0:00:00]} Rxh4 {[%emt 0:00:47]} 50. Kxc5 {[%emt 0:00:00]} Re4 {[%emt 0:01:30]} 51. Kd5 {[%emt 0:00:00]} Re3 {[%emt 0:01:03]} 52. Ra6 {[%emt 0:00:00]} Rxb3 {[%emt 0:02:03]} 53. Rxa5 {[%emt 0:00:00]} Ra3 {[%emt 0:00:35]} 54. e6 {[%emt 0:00:00]} fxe6+ {[%emt 0:00:21]} 55. Kxe6 {[%emt 0:00:00]} Re3+ {[%emt 0:00:40]} 56. Kf7 {[%emt 0:00:00]} b3 {[%emt 0:00:27]} 57. Rb5 {[%emt 0:00:00]} 1-0

[Event "WYCC U18 Girls 2019"]
[Site "Mumbai"]
[Date "2019.10.10"]
[Round "9.9"]
[White "Muetsch, Annmarie"]
[Black "Hamedi Nia, Vesal"]
[Result "1-0"]
[WhiteElo "2266"]
[BlackElo "2057"]
[Annotator "NA"]
[PlyCount "107"]
[EventDate "2019.10.02"]
[EventType "swiss"]
[EventCountry "IND"]
[SourceTitle "playchess.com"]
[Source "ChessBase"]
[SourceQuality "1"]
[TimeControl "40/5400+30:1800+30"]

1. e4 e6 2. d4 d5 3. Nd2 Be7 4. Ngf3 Nf6 5. e5 Nfd7 6. Bd3 c5 7. c3 Nc6 8. O-O a5 9. a4 O-O 10. Nb1 b6 11. Bb5 Na7 12. Be2 Nc6 13. Na3 Ba6 14. Nb5 Na7 15. Bf4 c4 16. Nxa7 Rxa7 17. Qd2 b5 18. axb5 Bxb5 19. Bd1 Re8 20. Bc2 Nf8 21. Ng5 Qb6 22. h4 f6 23. exf6 gxf6 24. Nf3 Bd6 25. Rfe1 Ree7 26. Bxd6 Qxd6 27. Qh6 Rf7 28. Re3 Qd8 29. Rae1 Rg7 30. Qf4 Be8 31. Nh2 Bg6 32. Bd1 h5 33. Rg3 Kh7 34. Nf1 Rab7 35. Rge3 Be4 36. Bf3 Ng6 37. Bxe4 dxe4 38. Qxe4 Rxb2 39. Qxe6 Nxh4 40. Rg3 Rbb7 41. Qxc4 f5 42. Re5 Ra7 43. Qe2 Rg4 44. Nh2 Rg5 45. Nf3 Rg4 46. Nxh4 Qxh4 47. Rxf5 Rb7 48. Qd3 Kg7 49. Rxa5 Qe7 50. Re5 Qh4 51. Rxg4+ hxg4 52. g3 Qh6 53. Qf5 Qc1+ 54. Kg2 1-0

[Event "WYCC U18 Girls 2019"]
[Site "Mumbai"]
[Date "2019.10.10"]
[Round "9.10"]
[White "Khachatryan, Anna"]
[Black "Radeva, Viktoria"]
[Result "1/2-1/2"]
[WhiteElo "2044"]
[BlackElo "2277"]
[Annotator "ChessBase"]
[PlyCount "55"]
[EventDate "2019.10.02"]
[EventType "swiss"]
[EventCountry "IND"]
[SourceTitle "playchess.com"]
[Source "ChessBase"]
[SourceQuality "1"]
[TimeControl "40/5400+30:1800+30"]

1. e4 {[%emt 0:00:00]} c5 {[%emt 0:00:02]} 2. Nf3 {[%emt 0:00:22]} e6 {[%emt 0:01:56]} 3. d4 {[%emt 0:00:12]} cxd4 {[%emt 0:00:06]} 4. Nxd4 {[%emt 0:00:04]} a6 {[%emt 0:00:42]} 5. Nc3 {[%emt 0:01:43]} Qc7 {[%emt 0:00:09]} 6. Qg4 {[%emt 0:00:10]} Nf6 {[%emt 0:02:00]} 7. Qg3 {[%emt 0:00:05]} Qxg3 {[%emt 0:01:42]} 8. hxg3 {[%emt 0:00:04]} Bb4 {[%emt 0:02:30]} 9. e5 {[%emt 0:00:47]} Ne4 {[%emt 0:02:49]} 10. a3 {[%emt 0:00:10]} Bxc3+ {[%emt 0:08:59]} 11. bxc3 {[%emt 0:00:05]} d6 {[%emt 0:02:39]} 12. Bd3 {[%emt 0:19:44]} dxe5 {[%emt 0:06:31]} 13. Bxe4 {[%emt 0:00:29]} exd4 {[%emt 0:00:06]} 14. cxd4 {[%emt 0:00:07]} Nc6 {[%emt 0:05:41]} 15. Bb2 {[%emt 0:22:53]} Bd7 {[%emt 0:06:45]} 16. O-O-O {[%emt 0:04:26]} h6 {[%emt 0:06:27]} 17. d5 {[%emt 0:27:39]} exd5 {[%emt 0:01:09]} 18. Rxd5 {[%emt 0:00:24]} Be6 {[%emt 0:03:50]} 19. Rdh5 {[%emt 0:09:03]} O-O {[%emt 0:09:13]} 20. R5h4 {[%emt 0:04:18]} Rad8 {[%emt 0:04:01]} 21. g4 {[%emt 0:01:36]} f6 {[%emt 0:02:01]} 22. f4 {[%emt 0:01:45]} Nd4 {[%emt 0:06:04]} 23. Bd3 {[%emt 0:00:39]} Nb3+ {[%emt 0:01:55]} 24. Kb1 {[%emt 0:00:26]} Nd2+ {[%emt 0:09:52]} 25. Kc1 {[%emt 0:00:12]} Nb3+ {[%emt 0:00:26]} 26. Kb1 {[%emt 0:01:40]} Nd2+ {[%emt 0:04:18]} 27. Ka1 {[%emt 0:00:46]} Nb3+ {[%emt 0:01:52]} 28. Kb1 {[%emt 0:01:49]} 1/2-1/2

[Event "WYCC U18 Girls 2019"]
[Site "Mumbai"]
[Date "2019.10.10"]
[Round "9.11"]
[White "Shpanko, Nadiia"]
[Black "Laurincova, Kristyna"]
[Result "1-0"]
[WhiteElo "2213"]
[BlackElo "2006"]
[Annotator "ChessBase"]
[PlyCount "77"]
[EventDate "2019.10.02"]
[EventType "swiss"]
[EventCountry "IND"]
[SourceTitle "playchess.com"]
[Source "ChessBase"]
[SourceQuality "1"]
[TimeControl "40/5400+30:1800+30"]

1. e4 {[%emt 0:00:00]} c5 {[%emt 0:00:00]} 2. Nf3 {[%emt 0:00:00]} Nc6 {[%emt 0:00:00]} 3. d4 {[%emt 0:01:15]} cxd4 {[%emt 0:00:00]} 4. Nxd4 {[%emt 0:00:03]} g6 {[%emt 0:00:00]} 5. c4 {[%emt 0:00:17]} Bg7 {[%emt 0:00:00]} 6. Be3 {[%emt 0:00:15]} Nf6 {[%emt 0:00:51]} 7. Nc3 {[%emt 0:00:10]} Ng4 {[%emt 0:00:17]} 8. Qxg4 {[%emt 0:00:12]} Nxd4 {[%emt 0:00:05]} 9. Qd1 {[%emt 0:00:07]} Ne6 {[%emt 0:00:04]} 10. Rc1 {[%emt 0:00:04]} O-O {[%emt 0:00:32]} 11. Bd3 {[%emt 0:03:27]} b6 {[%emt 0:02:38]} 12. b4 {[%emt 0:02:53]} Bb7 {[%emt 0:01:40]} 13. O-O {[%emt 0:00:25]} f5 {[%emt 0:08:10]} 14. exf5 {[%emt 0:04:41]} gxf5 {[%emt 0:00:08]} 15. Qc2 {[%emt 0:03:37]} f4 {[%emt 0:09:34]} 16. Bxh7+ {[%emt 0:03:31]} Kh8 {[%emt 0:00:05]} 17. Bd2 {[%emt 0:00:44]} Nd4 {[%emt 0:14:36]} 18. Qd3 {[%emt 0:01:12]} f3 {[%emt 0:01:20]} 19. g3 {[%emt 0:09:36]} d5 {[%emt 0:08:26]} 20. Qg6 {[%emt 0:05:06]} Qe8 {[%emt 0:08:53]} 21. cxd5 {[%emt 0:01:43]} Ba6 {[%emt 0:12:50]} 22. Rfe1 {[%emt 0:02:20]} Rf6 {[%emt 0:00:44]} 23. Qxe8+ {[%emt 0:02:16]} Rxe8 {[%emt 0:00:02]} 24. Be4 {[%emt 0:01:52]} Ref8 {[%emt 0:06:13]} 25. Bg5 {[%emt 0:08:33]} R6f7 {[%emt 0:00:07]} 26. h4 {[%emt 0:01:44]} Ne2+ {[%emt 0:00:57]} 27. Nxe2 {[%emt 0:00:17]} fxe2 {[%emt 0:00:13]} 28. Be3 {[%emt 0:07:43]} Be5 {[%emt 0:00:46]} 29. a4 {[%emt 0:03:53]} Rg8 {[%emt 0:00:30]} 30. Kh2 {[%emt 0:03:43]} Rg4 {[%emt 0:00:50]} 31. f4 {[%emt 0:00:30]} Rfg7 {[%emt 0:01:38]} 32. Rg1 {[%emt 0:07:06]} Bb2 {[%emt 0:01:32]} 33. Rb1 {[%emt 0:00:13]} Bc3 {[%emt 0:01:15]} 34. Bf2 {[%emt 0:01:02]} Kg8 {[%emt 0:15:44]} 35. b5 {[%emt 0:00:15]} Bb7 {[%emt 0:00:07]} 36. Bf3 {[%emt 0:00:31]} R4g6 {[%emt 0:01:55]} 37. Bxe2 {[%emt 0:01:01]} Bxd5 {[%emt 0:00:04]} 38. Rbc1 {[%emt 0:01:18]} Re6 {[%emt 0:00:53]} 39. Bd3 {[%emt 0:00:25]} 1-0